000 00264nam a2200121Ia 4500
100 _aPatel/ B.B.
942 _cRB
654 _aMachines
245 _aTheory Of Machines (1) (Kinematrics)
260 _bEverest Pub
_aNONE
_c1999
546 _aENGLISH
999 _c20676
_d20676